Nghi lễ và lễ hội của các tộc người thuộc nhóm Malayo - Polynesiam ở Việt Nam

Khái quát chung về tình hình nghiên cứu nhóm tộc người Malayo-Polynesian ở Miền Nam Việt Nam, địa bàn cư trú, điều kiện tự nhiên và lịch sử nhóm tộc người. Văn hóa truyền thống, cơ sở của sinh hoạt nghi lễ và lễ hội dân gian của nhóm tọ...

Descripció completa

Guardat en:
Dades bibliogràfiques
Autor principal: Tô, Đông Hải
Format: Llibre
Idioma:Undetermined
Publicat: Hà Nội Thanh Niên 2011
Matèries:
Etiquetes: Afegir etiqueta
Sense etiquetes, Sigues el primer a etiquetar aquest registre!
Thư viện lưu trữ: Trung tâm Học liệu Trường Đại học Cần Thơ
LEADER 01224nam a2200205Ia 4500
001 CTU_169675
008 210402s9999 xx 000 0 und d
082 |a 394.269597 
082 |b H103 
100 |a Tô, Đông Hải 
245 0 |a Nghi lễ và lễ hội của các tộc người thuộc nhóm Malayo - Polynesiam ở Việt Nam 
245 0 |c Tô Đông Hải 
260 |a Hà Nội 
260 |b Thanh Niên 
260 |c 2011 
520 |a Khái quát chung về tình hình nghiên cứu nhóm tộc người Malayo-Polynesian ở Miền Nam Việt Nam, địa bàn cư trú, điều kiện tự nhiên và lịch sử nhóm tộc người. Văn hóa truyền thống, cơ sở của sinh hoạt nghi lễ và lễ hội dân gian của nhóm tộc người Malayo-Polynesian. Những hiện tượng nghi lễ và lễ hội độc đáo của nhóm tộc người Malayo-Polynesian ở Miền Nam Việt Nam. 
650 |a Lễ hội dân gian,Folk festivals 
650 |z Việt Nam,Vietnam 
904 |i Huệ, Hải 
980 |a Trung tâm Học liệu Trường Đại học Cần Thơ